1940 1771 1653 1952 1370 1070 1877 1598 1291 1907 1898 1756 1771 1290 1342 1296 1192 1044 1567 1543 1000 1426 1271 1867 1291 1071 1018 1244 1134 1501 1487 1758 1865 1525 1798 1368 1682 1676 1818 1516 1314 1297 1414 1122 1076 1025 1421 1243 1586 1716 1838 1181 1878 1472 1398 1805 1576 1045 1644 1539 1792 1283 1349 1498 1296 1318 1298 1652 1355 1872 1112 1466 1779 1678 1679 1142 1783 1684 1954 1066 1395 1383 1883 1869 1159 1992 1416 1960 1970 1618 1855 1119 1186 1769 1984 1389 1218 1071 1807 BCNSPRNW ULIB Ver.6.0+V

เปลี่ยนเป็นภาษาไทย

Change to English
 แสดงรายละเอียดบรรณานุกรม
  กลับหน้าหลัก

Brief Record : Get Marc (ISO 2709) : E-mail record : QR code < ปิดหน้าต่าง
LEADER : 00000nam 2200000uu 4500
001    13399126012
003     ULIB
008    180427s2559||||th 000 0 tha d
020    ^a9786160027361
050    ^aนว^bค472ว
100  0  ^aคีตา.
245  1  ^aวายุหงสา /^cคีตา.
250    ^aพิมพ์ครั้งที่ 1.
260    ^aกรุงเทพฯ :^bPrincess,^c2559.
300    ^a431 หน้า ;^c21 ซม.
490  1  ^aชุดจอมใจพยัคฆ์
830    0 ^aชุดจอมใจพยัคฆ์.
850    ^aมบ.
945    ^p300^l0^i003426
999    ^aประนอม เกษจรัล
รายการนี้ยังไม่มีแท็ก
คุณยังไม่ได้ล็อกอิน คุณสามารถมีกิจกรรมร่วมกับเว็บไซต์ได้ แต่ต้องล็อกอินก่อน ::
  ล็อกอิน

รายการสื่อสารสนเทศ

ลำดับที่ ประเภท เลขเรียก/บาร์โค้ด สถานที่ สถานะ
1. นวนิยาย
นวนิยาย
นว ค472ว ฉ.1 
  Barcode: 003426
ห้องสมุดวิทยาเขตนครสวรรค์
►นวนิยาย:l:Fiction
บนชั้น

BibComment


ยังไม่เคยถูกคอมเมนท์

คอมเมนท์ทรัพยากรรายการนี้
  คอมเมนท์: วายุหงสา คีตา


 Copyright 2026. Bcnsprnw @Library